000 00454nam a2200217Ia 4500
003 IT-RoPAU
008 120407s9999 xx 000 0 und d
040 _aIT-RoPAU
040 _cIT-RoPAU
041 _adeu
100 _aJean-Jacques von Allmen
245 _aUne réforme dans L’Eglise.
250 _aGembloux
260 _aDuculot
260 _c1971
300 _a90 p.
300 _c24 cm
490 _v1
942 _cBK
999 _c37136
_d37136